000 00626nam a2200277Ia 4500
005 20260324141959.0
008 008 260324s9999 xx 000 0 eng d
020 _a9780429062612
037 _aEBOOK
040 _aCRL
040 _beng
040 _cCRL
041 _2eng
041 _aeng
084 _qCRL
100 _aAndreas Hartwig
_91210233
245 0 _aAlgebraic 3-D Modeling
260 _bTaylor and Francis
260 _c1996
365 _a
365 _b225
856 _uhttp://www.taylorfrancis.com/books/9780429062612
942 _cEBOOK
999 _c1813907
_d1813907